| 000 | 00477cam a22001451 4500 | ||
|---|---|---|---|
| 082 |
_a330.18 _bVIC _cMCE, L-27, p-68 |
||
| 100 | 1 |
_aVickrey, William S. _937393 |
|
| 245 | 1 | 0 | _aMetastatics and macroeconomics. |
| 260 |
_aNew York, _bHarcourt, Brace & World _c[1964] |
||
| 300 |
_ax, 314 p. _bdiagrs. _c24 cm. |
||
| 526 |
_a0 _b0 _c0 _d330_180000000000000_VIC |
||
| 650 | 0 |
_aEconomics _xMethodology. _937394 |
|
| 650 | 0 |
_aStatics and dynamics (Social sciences) _937395 |
|
| 942 |
_2ddc _cBK |
||
| 999 |
_c542271 _d542271 |
||